Представление документа в формате MARC21

Поле Инд. ПП Название Значение
Тип записи a
Библиографический уровень m
001 Контрольный номер 43f2c110-9f15-40ae-b6a9-31c0b18cebdd
005 Дата корректировки 20131111193022.6
008 Кодируемые данные 980923 d
020 c Цена, тираж 9.22
040 a Служба первич. каталог. НБ ТвГУ
041 a Код языка текста rus
080 a Индекс УДК 539
a Индекс УДК 547
a Индекс УДК 577
084 a Индекс другой классификации/Индекс ББК В31
a Индекс другой классификации/Индекс ББК Г2
a Индекс другой классификации/Индекс ББК Е07
090 c Каталожный индекс В31 + Г2 + Е07
x Авторский знак В71
a Полочн. индекс 530.3
100 1_ a Автор Волькенштейн Михаил Владимирович
245 0_ a Заглавие Перекрестки науки
260 0_ a Место издания Москва
b Издательство Наука
c Дата издания 1972
300 a Объем 334,[2] с.
b Иллюстрации/ тип воспроизводства ил.
583 a Действие Приписка 393 17.07.98
k Исполнитель действия ОРФ ОУНБ им.А.М.Горького
650 a Основная рубрика МОЛЕКУЛЯРНАЯ ФИЗИКА
650 a Основная рубрика Молекулярная биология
650 a Основная рубрика Органическая химия
650 a Основная рубрика Естественные науки
653 a Ключевые слова Молекулярная физика
a Ключевые слова Органическая химия
a Ключевые слова Молекулярная биология
a Ключевые слова Естественные науки
852 t Порядковый номер экземпляра 1
p Инвентарный номер 698728
888 a Безвозмездно
952 p 393.98 9.22 1 698728
c Вид литературы К рн
954 a Дата поступления на обработку 19980727
999 a Подразделение 2 Фил3